| 000 | 00874nam a22003017a 4500 | ||
|---|---|---|---|
| 003 | CHAP | ||
| 005 | 20220817041120.0 | ||
| 008 | 971013s1993 r 00010 d | ||
| 010 | _a6713 | ||
| 011 | _a7685 | ||
| 035 | _a6909 | ||
| 040 | _cCHAP | ||
| 090 | _aFolleto 14001 | ||
| 110 |
_aInternational Board for Plant Genetic Resources _959561 |
||
| 245 | _aProgramme and budget 1989 - 93 | ||
| 260 |
_aRome : _bIBPGR, _c1993? |
||
| 300 | _a38 p. | ||
| 590 |
_aBATCH-UPD _b10 _c20130110 _lUCH01 _h0923 |
||
| 590 |
_aBATCH-UPD _b10 _c20130410 _lUCH01 _h0545 |
||
| 590 |
_aBATCH-UPD _b10 _c20130914 _lUCH01 _h1537 |
||
| 590 |
_aCONVERSION _b10 _c20130109 _lUCH01 _h1305 |
||
| 650 | 1 | 4 | _aGenética vegetal. |
| 650 | 1 | 4 |
_aGermoplasma. _947766 |
| 650 | 1 | 4 |
_aRecursos genéticos. _995078 |
| 901 | _aBK | ||
| 942 | _cFOLL | ||
| 949 |
_aFolleto 14001 _bBC _cFOLL _d-16589 _eTS1 _i6909 _si |
||
| 999 |
_c6713 _d6713 |
||